| Tag |
First Indicator |
Second Indicator |
Subfields |
| LEADER |
00000pam a2200000 a 4500 |
| 001 |
in00000087559 |
| 005 |
20151008064842.0 |
| 008 |
800722s1981 ctu b 00110 engm |
| 010 |
|
|
|a 80001790
|
| 020 |
|
|
|a 0313227675 (lib. bdg.)
|
| 035 |
|
|
|a (OCoLC)06602703
|
| 035 |
|
|
|9 AAK4916AM
|
| 040 |
|
|
|a DLC
|c DLC
|d m.c.
|d TXA
|d UtOrBLW
|
| 043 |
|
|
|a n-us---
|
| 049 |
|
|
|a TXAM
|c [933341]
|
| 050 |
0 |
0 |
|a HQ535
|b .H63
|
| 082 |
0 |
|
|a 306.8/0973
|2 19
|
| 100 |
1 |
|
|a Howard, Ronald L.
|
| 245 |
1 |
2 |
|a A social history of American family sociology, 1865-1940 /
|c Ronald L. Howard, with an additional chapter on early family sociology in Europe by Louis Th. van Leeuwen ; edited by John Mogey.
|
| 264 |
|
1 |
|a Westport, Conn. :
|b Greenwood Press,
|c 1981.
|
| 300 |
|
|
|a xiii, 150 pages ;
|c 22 cm.
|
| 336 |
|
|
|a text
|b txt
|2 rdacontent
|
| 337 |
|
|
|a unmediated
|b n
|2 rdamedia
|
| 338 |
|
|
|a volume
|b nc
|2 rdacarrier
|
| 490 |
1 |
|
|a Contributions in family studies,
|x 0147-1023 ;
|v no. 4
|
| 504 |
|
|
|a Includes bibliographical references and indexes.
|
| 650 |
|
0 |
|a Families
|x Research
|z United States
|x History.
|
| 650 |
|
0 |
|a Families
|x Research
|z Europe
|x History.
|
| 651 |
|
0 |
|a United States
|x Social conditions
|y 1865-1918.
|
| 651 |
|
0 |
|a United States
|x Social conditions
|y 1918-1932.
|
| 700 |
1 |
|
|a Leeuwen, Louis Th. van.
|
| 700 |
1 |
|
|a Mogey, John M.
|
| 830 |
|
0 |
|a Contributions in family studies ;
|v no. 4.
|
| 999 |
|
|
|a MARS
|
| 999 |
f |
f |
|s 2232105a-ae80-3fb6-b3fc-fd3c4c9a57b2
|i cc91b001-1de1-30ec-85ee-85f0bf8bbe1f
|t 0
|
| 952 |
f |
f |
|p ric
|a Texas A&M University
|b Rellis Campus
|c Joint Library Facility
|d Remote Storage
|t 0
|e HQ535 .H63
|h Library of Congress classification
|i unmediated -- volume
|m A14806141835
|
| 998 |
f |
f |
|a HQ535 .H63
|t 0
|l Remote Storage
|